[Event "Køge Bugt Forår 2012"]
[Site "Solrød Skole"]
[Date "2012.05.02"]
[Round "3.8"]
[White "Kieldsen, Seier"]
[Black "Hansen, Erik Levin"]
[Result "0-1"]
[WhiteElo "1266"]
[BlackElo "1743"]
[PlyCount "88"]
[EventDate "2012.??.??"]
[WhiteTeam "Solrød Skakklub"]
[BlackTeam "Haslev Skakklub"]

1. d4 c5 2. c3 e6 3. Nf3 Nf6 4. Nbd2 d5 5. dxc5 Bxc5 6. b4 Bd6 7. Nb3 Nc6 8.
Bg5 O-O 9. g3 a5 10. a3 h6 11. Bxf6 Qxf6 12. Qd3 axb4 13. axb4 Rxa1+ 14. Nxa1
Nxb4 15. Qd4 Qxd4 16. cxd4 Bd7 17. e3 Rc8 18. Nb3 Nc2+ 19. Kd1 Ba4 20. Nfd2 Bb4
21. Ke2 Rc3 22. Nc5 Bxc5 23. dxc5 Rxc5 24. Bg2 Na3 25. Ra1 Bb5+ 26. Kd1 Nc4 27.
Nxc4 Bxc4 28. e4 g6 29. exd5 Bxd5 30. Bxd5 Rxd5+ 31. Ke2 Kg7 32. Rb1 b5 33. Rb4
f5 34. f3 Kf6 35. Ke3 e5 36. g4 Kg5 37. Rb2 h5 38. h3 Kh4 39. gxf5 gxf5 40.
Rb4+ Kxh3 41. f4 e4 42. Rb1 Kg2 43. Rb2+ Kg3 44. Rb1 Rd3+ 0-1

[Event "Køge Bugt Forår 2012"]
[Site "Solrød Skole"]
[Date "2012.05.02"]
[Round "3.9"]
[White "Thinggaard, Jørgen"]
[Black "Nielsen, Steen"]
[Result "1/2-1/2"]
[WhiteElo "1247"]
[BlackElo "1797"]
[PlyCount "101"]
[EventDate "2012.??.??"]
[WhiteTeam "Solrød Skakklub"]
[BlackTeam "Solrød Skakklub"]

1. e4 c5 2. Nf3 d6 3. Bc4 e6 4. O-O Nc6 5. d3 Nf6 6. Bg5 Be7 7. Bb5 O-O 8. Bxc6
bxc6 9. b3 a5 10. e5 dxe5 11. Nxe5 Bb7 12. Nd2 a4 13. Qf3 Qc7 14. Qg3 Nd5 15.
Bh6 Bf6 16. Rae1 axb3 17. Nxb3 Qe7 18. d4 cxd4 19. Nxd4 Ra3 20. f3 Rfa8 21. Qg4
g6 22. Ndxc6 Bxc6 23. Nxc6 Qc5+ 24. Kh1 Qxc6 25. Qe4 Rxa2 26. c4 Ne7 27. Qd3
Nf5 28. Bf4 R8a3 29. Qb1 Qa8 30. Bc1 Ra1 31. Qb5 R3a2 32. c5 Rc2 33. Rd1 Raa2
34. Rg1 Nh4 35. Qf1 Nxf3 36. Rd2 Nxd2 37. Qxf6 Nf3 38. Bh6 Qf8 39. Bxf8 Kxf8
40. Qxf3 Rxc5 41. Qf6 Rcc2 42. Qf3 Rf2 43. Qg3 Ke7 44. h3 Rae2 45. Qh4+ Kf8 46.
Qxh7 Ke7 47. Qh4+ Kf8 48. Qh8+ Ke7 49. Qh4+ Kf8 50. Qh8+ Ke7 51. Qh4+ 1/2-1/2

[Event "Køge Bugt Forår 2012"]
[Site "Solrød Skole"]
[Date "2012.05.09"]
[Round "4.1"]
[White "Nielsen, Morten Davidsen"]
[Black "Krogh, Peter Ove"]
[Result "1-0"]
[WhiteElo "1915"]
[BlackElo "1895"]
[PlyCount "63"]
[EventDate "2012.??.??"]
[WhiteTeam "Musikvidenskabeligt Institut"]
[BlackTeam "Køge Skakklub"]

1. e4 c5 2. f4 Nc6 3. Nf3 g6 4. c3 d5 5. e5 Bg4 6. Bb5 Qb6 7. Bxc6+ bxc6 8. h3
Bxf3 9. Qxf3 e6 10. b3 h5 11. g4 Rd8 12. d3 Be7 13. c4 Bh4+ 14. Ke2 Be7 15. Nc3
a6 16. Na4 Qa7 17. Ba3 Kf8 18. f5 exf5 19. gxf5 Qc7 20. fxg6 Qxe5+ 21. Kd2 f6
22. Rhg1 Kg7 23. Rae1 Qc7 24. Kc2 dxc4 25. dxc4 Nh6 26. Bxc5 Rde8 27. Bxe7 Rxe7
28. Rgf1 Rf8 29. Nc5 Rxe1 30. Rxe1 Kg8 31. Ne6 Qe7 32. Qxh5 1-0

[Event "Køge Bugt Forår 2012"]
[Site "Solrød Skole"]
[Date "2012.05.09"]
[Round "4.3"]
[White "Hansen, Erik Levin"]
[Black "Forsmann, Henning"]
[Result "0-1"]
[WhiteElo "1743"]
[BlackElo "1747"]
[PlyCount "120"]
[EventDate "2012.??.??"]
[WhiteTeam "Haslev Skakklub"]
[BlackTeam "Solrød Skakklub"]

1. e4 c5 2. Nf3 Nc6 3. Bb5 e6 4. O-O Nge7 5. Re1 a6 6. Bxc6 Nxc6 7. c3 Be7 8.
d3 O-O 9. Nbd2 d6 10. a4 Rb8 11. Nf1 b5 12. d4 cxd4 13. cxd4 d5 14. e5 b4 15.
b3 a5 16. Ng3 Qb6 17. Be3 Ba6 18. Ne2 Rbc8 19. Qd2 Bxe2 20. Qxe2 Na7 21. Rec1
Rc3 22. Qb2 Rfc8 23. Bd2 R3c6 24. Rxc6 Rxc6 25. Rc1 f6 26. Be3 Qa6 27. Qd2 Qc8
28. Ne1 Qc7 29. Nd3 Nc8 30. f4 Kf7 31. Nc5 Bxc5 32. Rxc5 Rxc5 33. dxc5 fxe5 34.
Qf2 e4 35. Qh4 Kg8 36. Qg4 Qf7 37. Bd4 Ne7 38. Qg5 h6 39. Qe5 Nc6 40. Qd6 Nxd4
41. c6 Nxc6 42. Qxc6 e3 43. Qc8+ Kh7 44. Qc2+ g6 45. g3 d4 46. Qc4 Qd7 47. Qd3
Qd5 48. Qa6 h5 49. Qa7+ Kg8 50. Qb8+ Kf7 51. Qc7+ Kf6 52. Qc8 Qd6 53. Qh8+ Kf5
54. Qh6 Qe7 55. Qh8 Qf6 56. Qa8 d3 57. Qxa5+ Kg4 58. Kg2 Qb2+ 59. Kg1 Qf2+ 60.
Kh1 Qf1# 0-1

[Event "Køge Bugt Forår 2012"]
[Site "Solrød Skole"]
[Date "2012.05.09"]
[Round "4.4"]
[White "Sørensen, Aron Frank"]
[Black "Christensen, Verner"]
[Result "0-1"]
[WhiteElo "1670"]
[BlackElo "1917"]
[PlyCount "54"]
[EventDate "2012.??.??"]
[WhiteTeam "Solrød Skakklub"]
[BlackTeam "Solrød Skakklub"]

1. c4 Nf6 2. g3 g6 3. Bg2 Bg7 4. Nc3 O-O 5. Nf3 d5 6. d4 dxc4 7. O-O c6 8. Ne5
Nd5 9. Nxc4 Be6 10. Ne5 Nd7 11. Nxd7 Qxd7 12. e4 Nb6 13. Be3 Bh3 14. Rc1 Bxg2
15. Kxg2 Nc4 16. b3 Nxe3+ 17. fxe3 Rad8 18. Qf3 f5 19. e5 Rc8 20. Rfd1 e6 21.
Na4 b6 22. Nb2 Rfd8 23. Nc4 Bf8 24. Nd2 Qd5 25. Rc2 Bh6 26. Rdc1 Bxe3 27. Qxd5
exd5 0-1

[Event "Køge Bugt Forår 2012"]
[Site "Solrød Skole"]
[Date "2012.05.09"]
[Round "4.5"]
[White "Christensen, Peter"]
[Black "Larsen, Paul M"]
[Result "0-1"]
[WhiteElo "1588"]
[BlackElo "1624"]
[PlyCount "48"]
[EventDate "2012.??.??"]
[WhiteTeam "Køge Skakklub"]
[BlackTeam "Haslev Skakklub"]

1. d4 Nf6 2. c4 e6 3. Nf3 b6 4. Nc3 Bb4 5. e3 O-O 6. Bd3 Bb7 7. O-O Bxc3 8.
bxc3 Ne4 9. Qc2 f5 10. a4 c5 11. a5 Nf6 12. Qe2 Ne4 13. Bd2 Nxd2 14. Nxd2 Qg5
15. f4 Qe7 16. Rfb1 Nc6 17. Nb3 d5 18. dxc5 bxc5 19. Qe1 Rab8 20. Qe2 Kh8 21.
Ra2 Ba6 22. Rab2 Rbd8 23. Rd1 dxc4 24. Qf3 Rc8 0-1

[Event "Køge Bugt Forår 2012"]
[Site "Solrød Skole"]
[Date "2012.05.09"]
[Round "4.6"]
[White "Trærup, Jørgen"]
[Black "Bayhan, Erkan"]
[Result "0-1"]
[WhiteElo "1686"]
[BlackElo "1507"]
[PlyCount "120"]
[EventDate "2012.??.??"]
[WhiteTeam "BMS Skak"]
[BlackTeam "Hvidovre Skakklub"]

1. d4 d5 2. Nf3 Nf6 3. Nc3 e6 4. g3 b6 5. Bg2 Nbd7 6. O-O Be7 7. a3 c5 8. Bg5
O-O 9. Ne5 cxd4 10. Nxd7 Qxd7 11. Na2 h6 12. Bf4 Bb7 13. Be5 Ng4 14. Bxd4 e5
15. Bc3 d4 16. Bxb7 Qxb7 17. Bb4 Bxb4 18. Nxb4 a5 19. Nd3 e4 20. Nf4 Rad8 21.
h3 Ne5 22. b3 Rd6 23. c4 d3 24. Nd5 dxe2 25. Qxe2 Nf3+ 26. Kg2 f5 27. Rad1 b5
28. cxb5 Rxd5 29. Rxd5 Qxd5 30. Qc4 Qxc4 31. bxc4 Rc8 32. Rc1 Ne5 33. c5 Nd3
34. Rb1 Rxc5 35. b6 Rc8 36. Rb5 g6 37. Rxa5 Rb8 38. Rb5 Kf7 39. a4 Ke6 40. a5
Ne5 41. a6 Nc6 42. a7 Ra8 43. Rb2 Nxa7 44. bxa7 Rxa7 45. h4 h5 46. Rb6+ Kf7 47.
Rb2 Rd7 48. Rc2 Rd6 49. Kf1 Kf6 50. Ke2 Ke5 51. Rc5+ Rd5 52. Rc6 Rd6 53. Rc5+
Kd4 54. Rc1 Ra6 55. Rd1+ Ke5 56. Rd2 f4 57. Rd8 f3+ 58. Ke3 Ra3+ 59. Kd2 Ra2+
60. Ke3 Re2# 0-1

[Event "Køge Bugt Forår 2012"]
[Site "Solrød Skole"]
[Date "2012.05.09"]
[Round "4.7"]
[White "Krag-Jacobsen, Alan"]
[Black "Johannsen, Bjørn"]
[Result "1-0"]
[WhiteElo "1670"]
[BlackElo "1750"]
[PlyCount "49"]
[EventDate "2012.??.??"]
[WhiteTeam "Solrød Skakklub"]
[BlackTeam "Haslev Skakklub"]

1. e4 c5 2. c3 Nc6 3. Nf3 e6 4. d4 d5 5. e5 h6 6. Be3 cxd4 7. cxd4 Nge7 8. Bd3
Qb6 9. b3 Nb4 10. O-O Nxd3 11. Qxd3 Bd7 12. Rc1 Nc6 13. a3 Be7 14. Nc3 O-O 15.
Na4 Qd8 16. Nc5 Bxc5 17. Rxc5 a6 18. Qd2 f5 19. Bxh6 gxh6 20. Qxh6 Qe7 21. Rc3
Rf7 22. Ng5 Rh7 23. Nxh7 Qxh7 24. Rg3+ Kh8 25. Qf6+ 1-0

[Event "Køge Bugt Forår 2012"]
[Site "Solrød Skole"]
[Date "2012.05.09"]
[Round "4.9"]
[White "Stuhr, Finn"]
[Black "Thinggaard, Jørgen"]
[Result "1-0"]
[WhiteElo "1702"]
[BlackElo "1247"]
[PlyCount "71"]
[EventDate "2012.??.??"]
[WhiteTeam "Køge Skakklub"]
[BlackTeam "Solrød Skakklub"]

1. e4 e5 2. Nf3 Nc6 3. Bb5 a6 4. Ba4 b5 5. Bb3 Nf6 6. O-O Bc5 7. c3 O-O 8. Re1
Ng4 9. d4 exd4 10. cxd4 Bb4 11. Nc3 Bxc3 12. bxc3 d6 13. Bf4 Qf6 14. Bg3 b4 15.
Bd5 Bd7 16. cxb4 Rab8 17. a3 a5 18. Rc1 Ne7 19. e5 dxe5 20. dxe5 Qb6 21. Bxf7+
Kh8 22. Qxd7 Rxf7 23. Qxg4 Rbf8 24. Qe4 h6 25. e6 Rf6 26. Rxc7 Nf5 27. Be5 Qxe6
28. Bxf6 Qxf6 29. Ne5 Nh4 30. Qxh4 g5 31. Qd4 Kg8 32. Rc6 Qe7 33. Qd5+ Kg7 34.
Qe4 Rf6 35. Rxf6 Qxf6 36. Qg6+ 1-0

[Event "Køge Bugt Forår 2012"]
[Site "Solrød Skole"]
[Date "2012.05.16"]
[Round "5.1"]
[White "Larsen, Paul M"]
[Black "Nielsen, Morten Davidsen"]
[Result "0-1"]
[WhiteElo "1624"]
[BlackElo "1915"]
[PlyCount "44"]
[EventDate "2012.??.??"]
[WhiteTeam "Haslev Skakklub"]
[BlackTeam "Musikvidenskabeligt Institut"]

1. d4 Nf6 2. Nf3 c5 3. e3 d5 4. dxc5 e6 5. c3 Bxc5 6. Bd3 Nc6 7. O-O e5 8. Bc2
e4 9. Nd4 Bd6 10. g3 Bh3 11. Re1 Bg4 12. Qd2 Ne5 13. Bd1 h5 14. Qc2 Nd3 15.
Bxg4 hxg4 16. Qa4+ Nd7 17. Nf5 Nxe1 18. Nxd6+ Kf8 19. Nf5 Nf3+ 20. Kf1 Rxh2 21.
Qb4+ Kg8 22. Ne7+ Qxe7 0-1

[Event "Køge Bugt Forår 2012"]
[Site "Solrød Skole"]
[Date "2012.05.16"]
[Round "5.2"]
[White "Forsmann, Henning"]
[Black "Olsen, Jonas Bagge"]
[Result "1-0"]
[WhiteElo "1747"]
[BlackElo "1613"]
[PlyCount "125"]
[EventDate "2012.??.??"]
[WhiteTeam "Solrød Skakklub"]
[BlackTeam "Haslev Skakklub"]

1. b3 d5 2. Bb2 Nf6 3. Nf3 Nc6 4. e3 a6 5. Be2 Bf5 6. O-O e6 7. d3 Bd6 8. Nbd2
b5 9. a3 Qe7 10. Re1 e5 11. Nf1 Nd8 12. Ng3 Bg6 13. Nh4 Qd7 14. Nxg6 hxg6 15.
e4 d4 16. c3 c5 17. cxd4 cxd4 18. Bc1 Ne6 19. b4 Rc8 20. Bd2 Ke7 21. Qb3 Nf4
22. Bf3 g5 23. Nf5+ Kf8 24. Rac1 Rxc1 25. Rxc1 g6 26. Nxd6 Qxd6 27. Rc8+ Ne8
28. Qc2 Kg7 29. Rc6 Qd7 30. Rxa6 g4 31. Be2 Qe7 32. Bxf4 exf4 33. Bxg4 Qg5 34.
Bf3 Qh4 35. h3 Nf6 36. Qc5 Rd8 37. Rd6 Ne8 38. Rxd8 Qxd8 39. e5 Nc7 40. Qc6 Ne6
41. Qxb5 Qc7 42. Qc4 Qxe5 43. Kf1 Nc7 44. a4 Ne6 45. a5 Qb8 46. b5 Kf6 47. b6
Qd6 48. Qc2 Qb4 49. b7 Nc5 50. Ke2 Nxb7 51. a6 Qe7+ 52. Kd1 Nc5 53. Qc4 Ne6 54.
Bb7 Qa3 55. Kc2 Qa5 56. Bc8 Qa1 57. Bd7 Qa5 58. Bxe6 fxe6 59. Qxd4+ Kf5 60.
Qe4+ Kf6 61. Qxf4+ Kg7 62. Qc4 Qe1 63. Qc3+ 1-0

[Event "Køge Bugt Forår 2012"]
[Site "Solrød Skole"]
[Date "2012.05.16"]
[Round "5.3"]
[White "Krogh, Peter Ove"]
[Black "Christensen, Verner"]
[Result "1/2-1/2"]
[WhiteElo "1895"]
[BlackElo "1917"]
[PlyCount "102"]
[EventDate "2012.??.??"]
[WhiteTeam "Køge Skakklub"]
[BlackTeam "Solrød Skakklub"]

1. c4 f5 2. d4 e6 3. Nf3 d5 4. Nc3 c6 5. Bg5 Nf6 6. e3 Bd6 7. Ne5 O-O 8. f4 Qe8
9. Bxf6 Rxf6 10. Be2 Qe7 11. c5 Bc7 12. b4 Bd7 13. a4 Be8 14. O-O Nd7 15. Nd3
Rh6 16. Qe1 Nf6 17. Nf2 Bh5 18. Bxh5 Nxh5 19. Nh1 Kh8 20. g3 g5 21. Ra2 Rg8 22.
Rg2 Qg7 23. Qe2 Nf6 24. Nf2 gxf4 25. exf4 Bxf4 26. b5 Bc7 27. Qe3 Ne4 28. Ne2
e5 29. dxe5 Bxe5 30. Nd3 d4 31. Qc1 Rg6 32. Nxe5 Qxe5 33. Nf4 Rg4 34. Qb2 Qxc5
35. Ne6 Qc3 36. bxc6 bxc6 37. Nxd4 Qxb2 38. Rxb2 Nxg3 39. hxg3 Rxd4 40. Rxf5
Rxg3+ 41. Kf2 Rg8 42. a5 Rd7 43. a6 Re8 44. Rf6 Kg7 45. Rxc6 Rf7+ 46. Kg2 Ree7
47. Rb3 h6 48. Kg3 Rf6 49. Rb7 Rff7 50. Rb3 Rf6 51. Rb7 Rff7 1/2-1/2

[Event "Køge Bugt Forår 2012"]
[Site "Solrød Skole"]
[Date "2012.05.16"]
[Round "5.4"]
[White "Orup, Kim Amdi"]
[Black "Krag-Jacobsen, Alan"]
[Result "1/2-1/2"]
[WhiteElo "1803"]
[BlackElo "1670"]
[PlyCount "58"]
[EventDate "2012.??.??"]
[WhiteTeam "Solrød Skakklub"]
[BlackTeam "Solrød Skakklub"]

1. e4 e5 2. Bc4 Nf6 3. Nc3 Bb4 4. Nge2 Bxc3 5. Nxc3 Nxe4 6. Qh5 Nd6 7. Bb3 O-O
8. d3 c6 9. Bg5 Qe8 10. O-O-O Na6 11. Qg4 Kh8 12. d4 f5 13. Qh4 Qg6 14. Rhe1 e4
15. Qf4 Re8 16. Qg3 Nf7 17. Bf4 Qxg3 18. Bxg3 d5 19. h4 Be6 20. Bf4 Nb8 21. Ne2
Nd7 22. f3 Nf6 23. fxe4 fxe4 24. Ng3 Bg4 25. Rd2 Kg8 26. c3 Rad8 27. Bd1 Bxd1
28. Kxd1 g6 29. Nh1 Ng4 1/2-1/2

[Event "Køge Bugt Forår 2012"]
[Site "Solrød Skole"]
[Date "2012.05.16"]
[Round "5.5"]
[White "Stuhr, Finn"]
[Black "Refsgaard, Kaj"]
[Result "0-1"]
[WhiteElo "1702"]
[BlackElo "1705"]
[PlyCount "63"]
[EventDate "2012.??.??"]
[WhiteTeam "Køge Skakklub"]
[BlackTeam "Jernbanens Skakklub"]

1. e4 c5 2. Nf3 Nc6 3. Bc4 g6 4. Nc3 Bg7 5. Ne2 Nf6 6. Nc3 d6 7. d4 cxd4 8.
Nxd4 Nxd4 9. Qxd4 O-O 10. Be3 Ng4 11. Qd3 Nxe3 12. Qxe3 Bd7 13. O-O Rc8 14. Qd3
Qc7 15. b3 Bxc3 16. Qxc3 b5 17. Bxf7+ Rxf7 18. Qe3 a6 19. Rfc1 Qc3 20. Qa7 Qc6
21. c4 Rcf8 22. cxb5 Qxb5 23. Rc2 Be6 24. Rac1 Qd3 25. Rc3 Qxe4 26. Re3 Qf5 27.
Rf1 Qf6 28. Re2 Bd5 29. Qc7 Bxg2 30. Kxg2 Qf3+ 31. Kg1 Rf5 32. Qc4+ 0-1

[Event "Køge Bugt Forår 2012"]
[Site "Solrød Skole"]
[Date "2012.05.16"]
[Round "5.6"]
[White "Hansen, Erik Levin"]
[Black "Sørensen, Aron Frank"]
[Result "1/2-1/2"]
[WhiteElo "1743"]
[BlackElo "1670"]
[PlyCount "70"]
[EventDate "2012.??.??"]
[WhiteTeam "Haslev Skakklub"]
[BlackTeam "Solrød Skakklub"]

1. e4 Nf6 2. e5 Nd5 3. d4 d6 4. f4 dxe5 5. fxe5 g6 6. Bc4 Bg7 7. Nf3 Bg4 8. O-O
O-O 9. Nc3 Nb6 10. Bb3 Nc6 11. Ne2 Na5 12. c3 Nxb3 13. axb3 f6 14. exf6 exf6
15. Ng3 Nd7 16. Qe2 Re8 17. Qf2 b6 18. Be3 Qe7 19. Rae1 Qf7 20. c4 c5 21. d5
Bxf3 22. Qxf3 Ne5 23. Qd1 f5 24. Ne4 Ng4 25. Bxc5 bxc5 26. Qxg4 Rxe4 27. Qf3
Bd4+ 28. Kh1 Rae8 29. Rxe4 Rxe4 30. d6 Qe6 31. g4 Rxg4 32. Qa8+ Kf7 33. Qb7+
Ke8 34. Qb8+ Kf7 35. Qb7+ Ke8 1/2-1/2

[Event "Køge Bugt Forår 2012"]
[Site "Solrød Skole"]
[Date "2012.05.16"]
[Round "5.7"]
[White "Johannsen, Bjørn"]
[Black "Trærup, Jørgen"]
[Result "1-0"]
[WhiteElo "1750"]
[BlackElo "1686"]
[PlyCount "91"]
[EventDate "2012.??.??"]
[WhiteTeam "Haslev Skakklub"]
[BlackTeam "BMS Skak"]

1. d4 Nf6 2. Bf4 d5 3. e3 Nc6 4. c3 a6 5. Bd3 Bg4 6. Qc2 Bh5 7. Nf3 Bg6 8. Nbd2
e6 9. Bg5 Be7 10. a3 Bxd3 11. Qxd3 h6 12. Bh4 Nh7 13. Bg3 Nf6 14. Ne5 Bd6 15.
f4 Nh5 16. Bf2 Be7 17. h4 Nf6 18. Qe2 Nxe5 19. fxe5 Nd7 20. e4 Nb6 21. Qg4 g6
22. Be3 dxe4 23. Qxe4 Qd5 24. g3 O-O-O 25. Rf1 Qxe4 26. Nxe4 Rdf8 27. Nf6 Nc4
28. Bc1 a5 29. b3 Nb6 30. Ra2 a4 31. b4 Nc4 32. Raf2 c6 33. Ne4 Rh7 34. Ke2 Kd8
35. Kd3 b5 36. Rf3 Ke8 37. R1f2 Kd8 38. Nf6 Bxf6 39. Rxf6 Ke7 40. g4 Nb6 41.
Rc2 Nd5 42. Rf3 Nb6 43. Rcf2 Nc4 44. Ke4 Nb6 45. Rg2 Nc4 46. Rf6 1-0

[Event "Køge Bugt Forår 2012"]
[Site "Solrød Skole"]
[Date "2012.05.16"]
[Round "5.8"]
[White "Nielsen, Steen"]
[Black "Kieldsen, Seier"]
[Result "1-0"]
[WhiteElo "1797"]
[BlackElo "1266"]
[PlyCount "53"]
[EventDate "2012.??.??"]
[WhiteTeam "Solrød Skakklub"]
[BlackTeam "Solrød Skakklub"]

1. d4 d5 2. c4 c6 3. Nf3 g6 4. Nc3 Bg7 5. e3 b6 6. cxd5 cxd5 7. Qb3 Bb7 8. Bb5+
Kf8 9. O-O e6 10. Bd2 Ne7 11. Ne2 Nbc6 12. Rfc1 Bf6 13. Rc3 Kg7 14. Rac1 Rc8
15. Nf4 h6 16. a3 e5 17. Bxc6 Bxc6 18. dxe5 Bg5 19. Nd4 Qd7 20. Nxc6 Nxc6 21.
Qxd5 Qxd5 22. Nxd5 Rhd8 23. Rd3 Nxe5 24. Rxc8 Nxd3 25. Rxd8 Bxd8 26. Kf1 Nxb2
27. Bc3+ 1-0

[Event "Køge Bugt Forår 2012"]
[Site "Solrød Skole"]
[Date "2012.05.16"]
[Round "5.9"]
[White "Thinggaard, Jørgen"]
[Black "Wieland, Carsten"]
[Result "1-0"]
[WhiteElo "1247"]
[BlackElo "1520"]
[PlyCount "37"]
[EventDate "2012.??.??"]
[WhiteTeam "Solrød Skakklub"]
[BlackTeam "Solrød Skakklub"]

1. e4 e6 2. d4 d5 3. exd5 exd5 4. Nc3 c5 5. Nf3 Nc6 6. Bb5 Bd7 7. O-O cxd4 8.
Bxc6 dxc3 9. Bxb7 cxb2 10. Bxb2 Rb8 11. Qxd5 Ne7 12. Rae1 Qb6 13. Ng5 Qxb7 14.
Qxf7+ Kd8 15. Bxg7 Bxg7 16. Qxg7 Re8 17. Nf7+ Kc7 18. Qe5+ Kc8 19. Nd6+ 1-0

[Event "Køge Bugt Forår 2012"]
[Site "Solrød Skole"]
[Date "2012.05.23"]
[Round "6.1"]
[White "Nielsen, Morten Davidsen"]
[Black "Orup, Kim Amdi"]
[Result "*"]
[WhiteElo "1915"]
[BlackElo "1803"]
[PlyCount "61"]
[EventDate "2012.??.??"]
[WhiteTeam "Musikvidenskabeligt Institut"]
[BlackTeam "Solrød Skakklub"]

1. e4 e5 2. Bc4 Nf6 3. Nf3 d6 4. Ng5 d5 5. exd5 Nxd5 6. d4 Be7 7. Qh5 g6 8. Qh6
Bf8 9. Qh4 Be7 10. O-O h6 11. Re1 Be6 12. Nxe6 fxe6 13. Qe4 Kf7 14. Qxe5 c6 15.
Qxe6+ Kf8 16. Qxg6 Nd7 17. Bxh6+ Rxh6 18. Qxh6+ Kg8 19. Qe6+ Kf8 20. Nc3 N7f6
21. Ne4 Qc7 22. Nxf6 Bxf6 23. Bxd5 Kg7 24. Re4 Qd8 25. Rg4+ Kh6 26. Qf7 Bg5 27.
h4 Qxd5 28. hxg5+ Qxg5 29. Rxg5 Kxg5 30. Re1 Kh6 31. Re5 *

[Event "Køge Bugt Forår 2012"]
[Site "Solrød Skole"]
[Date "2012.05.23"]
[Round "6.2"]
[White "Olsen, Jonas Bagge"]
[Black "Krogh, Peter Ove"]
[Result "*"]
[WhiteElo "1613"]
[BlackElo "1895"]
[PlyCount "33"]
[EventDate "2012.??.??"]
[WhiteTeam "Haslev Skakklub"]
[BlackTeam "Køge Skakklub"]

1. e4 c5 2. Nf3 a6 3. d4 cxd4 4. Nxd4 Nf6 5. Nc3 e5 6. Nf5 Bb4 7. Bd2 O-O 8.
Bd3 Bxc3 9. Bxc3 d5 10. Bxe5 dxe4 11. Bxf6 Qxf6 12. Bxe4 Re8 13. Nd4 Bf5 14.
Qf3 Bxe4 15. Qxf6 Bxc2+ 16. Ne2 gxf6 17. Kd2 *

[Event "Køge Bugt Forår 2012"]
[Site "Solrød Skole"]
[Date "2012.05.23"]
[Round "6.3"]
[White "Christensen, Verner"]
[Black "Larsen, Paul M"]
[Result "*"]
[WhiteElo "1917"]
[BlackElo "1624"]
[PlyCount "47"]
[EventDate "2012.??.??"]
[WhiteTeam "Solrød Skakklub"]
[BlackTeam "Haslev Skakklub"]

1. e4 c6 2. d4 d5 3. Nc3 g6 4. Nf3 Bg7 5. e5 f6 6. Be2 Nd7 7. Bf4 e6 8. Qd2 c5
9. O-O-O fxe5 10. Bxe5 Nxe5 11. Nxe5 Bxe5 12. dxe5 a6 13. Ne4 Qe7 14. Nd6+ Kf8
15. h4 Qg7 16. Qf4+ Ke7 17. Kb1 Nh6 18. Qg5+ Kd7 19. h5 Nf7 20. Nxf7 Qxf7 21.
hxg6 Qg7 22. Qf6 Qf8 23. Rxh7+ Kc6 24. Rxh8 *

[Event "Køge Bugt Forår 2012"]
[Site "Solrød Skole"]
[Date "2012.05.23"]
[Round "6.4"]
[White "Krag-Jacobsen, Alan"]
[Black "Hansen, Erik Levin"]
[Result "*"]
[WhiteElo "1670"]
[BlackElo "1743"]
[PlyCount "110"]
[EventDate "2012.??.??"]
[WhiteTeam "Solrød Skakklub"]
[BlackTeam "Haslev Skakklub"]

1. d4 c5 2. d5 Nf6 3. c4 b5 4. cxb5 Qa5+ 5. Nc3 a6 6. e3 axb5 7. Bxb5 Ne4 8.
Nge2 g6 9. Bd2 Nxd2 10. Qxd2 Bg7 11. O-O O-O 12. a3 Ba6 13. Bxa6 Nxa6 14. Rac1
d6 15. Rfd1 Rfb8 16. Qc2 Nc7 17. Rb1 Nb5 18. Nxb5 Rxb5 19. Rd2 Rab8 20. Qc1
Qxa3 21. bxa3 Rxb1 22. Rd1 Rxc1 23. Rxc1 Rb2 24. Kf1 Ra2 25. Nc3 Rxa3 26. Ne4
Rd3 27. Ke2 Rxd5 28. Nd2 f5 29. Nc4 g5 30. Nb6 Re5 31. Nd7 Re4 32. Nxc5 dxc5
33. Rxc5 Re5 34. Rc8+ Kf7 35. Kf3 h5 36. h3 Ra5 37. Rc4 Ra2 38. Rc5 Kg6 39. Rc1
g4+ 40. hxg4 hxg4+ 41. Kg3 e5 42. f3 Ra3 43. Re1 Rxe3 44. Rxe3 f4+ 45. Kf2
fxe3+ 46. Kxe3 Kf5 47. fxg4+ Kxg4 48. Ke4 Bf6 49. Kd3 Kf4 50. Ke2 Ke4 51. Kd2
Bg5+ 52. Ke2 Kd4 53. g3 e4 54. g4 Kc3 55. Kd1 Kd3 *

[Event "Køge Bugt Forår 2012"]
[Site "Solrød Skole"]
[Date "2012.05.23"]
[Round "6.5"]
[White "Bayhan, Erkan"]
[Black "Johannsen, Bjørn"]
[Result "*"]
[WhiteElo "1507"]
[BlackElo "1750"]
[PlyCount "46"]
[EventDate "2012.??.??"]
[WhiteTeam "Hvidovre Skakklub"]
[BlackTeam "Haslev Skakklub"]

1. d4 d5 2. c4 e5 3. dxe5 d4 4. Nf3 Nc6 5. e3 Bb4+ 6. Bd2 dxe3 7. fxe3 Bg4 8.
a3 Bxd2+ 9. Nbxd2 Nxe5 10. h3 Bxf3 11. Nxf3 Nxf3+ 12. Qxf3 c6 13. Qg3 Qf6 14.
O-O-O Nh6 15. Bd3 O-O-O 16. Rhf1 Qe6 17. Qg5 f6 18. Qf4 Rd7 19. Bc2 Re8 20.
Rxd7 Kxd7 21. Rd1+ Kc8 22. Re1 Rd8 23. Rd1 Re8 *

[Event "Køge Bugt Forår 2012"]
[Site "Solrød Skole"]
[Date "2012.05.23"]
[Round "6.6"]
[White "Trærup, Jørgen"]
[Black "Thinggaard, Jørgen"]
[Result "*"]
[WhiteElo "1686"]
[BlackElo "1247"]
[PlyCount "97"]
[EventDate "2012.??.??"]
[WhiteTeam "BMS Skak"]
[BlackTeam "Solrød Skakklub"]

1. d4 d5 2. Nf3 Nf6 3. g3 Nc6 4. Nc3 Bg4 5. Bg2 e6 6. a3 Bd6 7. Nb5 O-O 8. Nxd6
cxd6 9. O-O Bxf3 10. Bxf3 e5 11. e3 e4 12. Be2 a6 13. Bd2 Rc8 14. c3 Ne7 15. b4
Nf5 16. Bg4 Nxg4 17. Qxg4 Qf6 18. f4 Nh6 19. Qg5 Qd8 20. Qxd5 Qe7 21. Rac1 Ng4
22. a4 Kh8 23. Qg5 Qd7 24. f5 Nf6 25. Qf4 d5 26. a5 Qb5 27. Rfd1 Qe2 28. Qf1
Qh5 29. Qg2 Qxf5 30. Rf1 Qg5 31. h4 Qg4 32. Rf4 Qg6 33. Qh2 Nh5 34. Kg2 Nxf4+
35. exf4 Qg4 36. Rf1 Rfe8 37. Bc1 e3 38. Qh3 Qe2+ 39. Kg1 Qd3 40. Qd7 e2 41.
Rf2 Qxg3+ 42. Kh1 Qxh4+ 43. Kg1 h6 44. Qxf7 Qg3+ 45. Kh1 Qh3+ 46. Kg1 Re3 47.
Qxd5 Rc6 48. Rg2 Rf6 49. f5 *

[Event "Køge Bugt Forår 2012"]
[Site "Solrød Skole"]
[Date "2012.05.23"]
[Round "6.7"]
[White "Wieland, Carsten"]
[Black "Nielsen, Steen"]
[Result "*"]
[WhiteElo "1520"]
[BlackElo "1797"]
[PlyCount "94"]
[EventDate "2012.??.??"]
[WhiteTeam "Solrød Skakklub"]
[BlackTeam "Solrød Skakklub"]

1. d4 d5 2. e3 Nf6 3. Nf3 e6 4. c4 Bb4+ 5. Bd2 Be7 6. Nc3 O-O 7. Qc2 c5 8. cxd5
cxd4 9. Nxd4 exd5 10. Bd3 Nc6 11. Nxc6 bxc6 12. O-O Bb7 13. Rac1 h6 14. Ne2 c5
15. b3 Rc8 16. Qb1 a6 17. Ng3 Re8 18. Rfe1 Ne4 19. Bxe4 dxe4 20. Red1 Bd6 21.
Nf5 Be5 22. Bc3 Qc7 23. Bxe5 Rxe5 24. Ng3 Qe7 25. Rc4 Bc6 26. Rdc1 Rd8 27. a3
Rd3 28. Nxe4 Bxe4 29. Rxe4 Rxb3 30. Qxb3 Rxe4 31. Qb8+ Kh7 32. Qb6 Ra4 33. Rxc5
Rxa3 34. Ra5 Rxa5 35. Qxa5 Qb7 36. h3 Qb5 37. Qd2 a5 38. Qa2 f6 39. Qc2+ Kg8
40. Qc8+ Kf7 41. f4 a4 42. f5 Qb1+ 43. Kh2 Qe4 44. Qd7+ Kf8 45. Qc8+ Qe8 46.
Qc5+ Kg8 47. g4 Qe5+ *